| 000 | 00794nam a2200217Ii 4500 | ||
|---|---|---|---|
| 003 | JO-AjNU | ||
| 008 | 230605s9999||||xx |||||||||||||| ||und|| | ||
| 017 | _a2002/6/1572 | ||
| 040 |
_aJO-AjNU _bara _erda _cJO-AjNU |
||
| 041 | _aara | ||
| 050 | 1 | 4 | _aPJ6071.N3558 2003 |
| 100 | 3 |
_aتأليف نمارنه، ابراهيم مصطفى, _eauthor _959583 |
|
| 245 | 0 | 0 | _aرؤية في لغتنا العربية |
| 250 | _aالطبعة الاولى | ||
| 264 | 3 | 1 | _aاربد: المؤلف، 2003 |
| 300 |
_a267ص _b ويحتوي على قائمة مراجع من ص263-ص267 |
||
| 336 |
_atext _btxt _2rdacontent |
||
| 337 |
_aunmediated _bn _2rdamedia |
||
| 338 |
_avolume _bnc _2rdacarrier |
||
| 650 | 4 |
_aاللغة العربية-علم اللغة-تدريس اللغة العربية _959584 |
|
| 999 |
_aA26820 _c30388 _d30388 |
||